000 00725nam a2200229 4500
003 LK-CoMWRAF
005 20231031135438.0
008 230920b2008 |||||||| |||| 00| 0 eng d
020 _a9789556250312
040 _aLK-CoMWRAF
_dLK-CoMWRAF
_eLK-CoMWRAF
041 _aeng
082 _a340.59
_bBOA
245 _aThe Board of quazis' law reports-with a digest (2003-2004)
260 _aColombo
_bMuslim Women’s Research and action forum
_c2008
300 _a211p. ; 21cm
_bMuslim Women’s Research and action forum
_c2008
490 _aVolume ii
650 _aDomestic relations
650 _aDomestic relations - Sri Lanka
650 _aCases Muslims - Legal status
650 _aSri Lanka - Cases
942 _cBK
999 _c3578
_d3578